Quizzes
Events
Quiz Creation
Community
Videos
Private Events
Remove Ads
Sign In
Join for FREE
Feedback
Dark Mode
Quiz Categories
Sports
Geography
Music
Movies
Television
Just For Fun
Miscellaneous
History
Literature
Language
Science
Gaming
Entertainment
Religion
Holiday
For Kids
Quiz Lab
Recent
Popular Today
Quiz Kudos Today
Editor Picks
Curator Picks
Quizzes by...
Day
Popularity
Type
Ratings
Length
Year
Community
Subscriptions
Recent Discussions
Orange Saloon
Badges
Playlists
Quests
Create
Leaderboards
Showdown
Live 5
Trivia Bingo
Activity
Puzzle Library
Sporcle Events
Private Events
Virtual Trivia
Globe League
Become a Host
Pub Owners
SporcleCon
Opinionation
Our Games
Videos
Blog
Mobile Apps
Partnerships
Remove Ads and Go Orange
Feedback
Language
Vocabulary
Begins and Ends
Definition
Spanish
French
German
Italian
Chinese
Latin
Translation
Japanese
Language
Vocabulary
Begins and Ends
Definition
Spanish
French
German
Italian
Chinese
Latin
Translation
Japanese
Random Quiz
Search Sporcle
×
Quiz Lab
Quiz Lab
Language
hello
Type in answers that appear in a list
Type in answers that appear in a list
Classic
Best Score? Go Orange.
Hello in different languages Stats
Can you name the Hello in different languages?
By
goncalvestomas
10m
43 Questions
451 Plays
451 Plays
451 Plays
Comments
Comments
Give Quiz Kudos
Give Quiz Kudos
-
- Ratings
hide this ad
Forced Order
Answers have to be entered in order
Answers have to be entered in order
Replay
Link that replays current quiz
Next Quiz
Link to next quiz in quiz playlist
You Got
0%
They Got
Avg Score
16%
Avg Friend Score
Upgrade to see
Score Distribution
Jump to the score distribution portion of the page
Score
0/43
Timer
10:00
0
Plays Today
language
answer
% Correct
English
Hello
98.2%
French
Bonjour
92.9%
Spanish
Hola
87.1%
German
Hallo
79.7%
Italian
Ciao
71.3%
Japanese
Kon-nichiwa
26.1%
Mandarin
Ni hao
25.4%
Portuguese
Olá
20%
Hindi
namaste
16.3%
Swedish
Hej
14.5%
Hebrew
shalom
13.6%
Bosnian
Zdravo
11.8%
Russian
Zdravstvuite
10.7%
Latin
Salve
10.2%
Vietnamese
Xin chao
10.2%
Azerbaijani
Salam
9.8%
Cantonese
nei ho
9.6%
Croatian
Bok
9.6%
Bulgarian
Zdravei
8.5%
Finnish
Hei
8%
Albanian
Mirëdita
6%
Basque
Kaixo
6%
language
answer
% Correct
Armenian
Parev
5.8%
Estonian
Tere
5.8%
Serbian
Zdravo
5.8%
Danish
Goddag
5.3%
Arabic
Ahalan
5.1%
Korean
An-nyong Ha-se-yo
4%
Welsh
Hylo
4%
Dutch
Goede dag
3.6%
Slovak
Ahoj
3.1%
Irish
Dia dhuit
2.9%
Turkish
selam
2.2%
Greek
gia'sou
2%
Lithuanian
Labas
2%
Ukrainian
vitayu
1.8%
Latvian
Sveiki
1.6%
Polish
Dzien dobry
1.1%
Thai
sa-wat-dee
0.9%
Romanian
Bunã ziua
0.7%
Georgian
gamarjobat
0.4%
Slovenian
Zxivjo
0.4%
Czech
Dobrý den, Ahoj
0.2%
Quiz Playlist
Details
Report
Send in Message
Add To Playlist
Classic:
Type in answers that appear in a list
Forced Order:
Answers have to be entered in order
Last Updated: Feb 16, 2017
Quiz Scoreboard
CHALLENGE
Sign Up to Join the Scoreboard
Show All
Scores
Hide
Comments
May contain spoilers
Recently Published
Pick 6: Fruits
by JohnFran
Miscellaneous
15s
Click the 1999 NBA Draft
by nibperrychub
Sports
2m
Alphabetical 'K' Countries by Flag Minefield
by ylime102
Geography
3m
More to Explore
Quiz From the Vault
Featured Blog Post
15 Basketball Trivia Facts You Can Be March Mad About
hide this ad
You Might Also Like...
Tags
hello
Today's Top Quizzes in Language
Browse Language
hide this ad
Top Contributed Quizzes in Language
1
Einsilbige Reime auf Chips
2
Linguistic Evolution! (V)
3
Trivia Jigsaw: Language
4
Guess the Word in 3 Words
5
One-Minute Crossword CCLVI
6
Here... Let me make up a word for that
7
Hiragana Speed Reading
8
1960s Slang
9
AP Lang. Literary Terms
10
One-Minute Crossword CCLV
Explore More
Trending Topics
Anime
Disney
Crossword
NBA
Marvel
Kpop
Harry Potter
Country
Song
NFL
Pokémon
WWE
Puzzle
The Office
Soccer
hide this ad
More By:
goncalvestomas
Quiz
Plays
Rating
Category
Featured
Created
Hello in different languages
451
1.50
Language
Dec 20, 2010
Regions of Portugal
235
1.00
Geography
Dec 19, 2010
countries beginning with the letter c
220
1.67
Geography
Dec 20, 2010
Greatest Volume of Bodies of Water
125
1.75
Geography
Jan 3, 2011
Shallowest Oceans and Seas
75
2.33
Geography
Jan 3, 2011
Go to Creator's Profile
Score Distribution
Quiz Creator Spotlight
goncalvestomas
Follow
Send a Message
Quizzes Created
-
Created Quiz Play Count
-
More By This Creator
Popular Quizzes Today
1
Find the US States - No Outlines Minefield
2
Countries of Asia Without Outlines Minefield
3
Pick 6: Fruits
4
Alphabetical 'K' Countries by Flag Minefield
5
The Countries of the World
6
Click the 1999 NBA Draft
7
Match the Book to the Film X
8
Find the US States
More Language Quizzes
Word Hourglass XXVIII
Published
Trending Quizzes
Pick 6: Harry Potter
Pick 6: Golfers
Donkey Kong Minefield
DC Extended Universe: Oldest to Newest
Multiplication Danger Zone
Recently Updated
Women's Final Four Teams by Year
bhenderson79
Presidents Quartet II
eogle
Anything But Clue(do)
eogle
Anything But Oceanian Capitals
eogle
Anything But 7
eogle
Anything But Thing
eogle
Word Ladder: February 29
pecheneg
Song Title Questions
pecheneg
Women's NCAA Tournament #1 Seeds
pecheneg
Celebrity Mug Shots
pecheneg
Trending Topics
Harry Potter
Kpop
Anime
Disney
Marvel
NBA
Crossword
WWE
Song
Pokémon
Soccer
Country
Puzzle
NFL
The Office
Your Account Isn't Verified!
In order to create a playlist on Sporcle, you need to verify the email address you used during registration. Go to your
Sporcle Settings
to finish the process.
Report this User
Report this user for behavior that violates our
Community Guidelines
.
Details:
Send Report
Go to the Sporcle.com Mobile Site →
Comments